Statistics for Name the Artist - Spotify Wrapped 2023

Click here to take the quiz!

General Stats

  • This quiz has been taken 32 times
  • The average score is 36 of 100

Answer Stats

Song TitleArtist% Correct
all-american bitch | love is embarrassingOlivia Rodrigo
83%
Don't Blame Me | How You Get the Girl | I Think He Knows | +5 othersTaylor Swift
79%
Canyon Moon | Sweet Creature | To Be So LonelyHarry Styles
67%
R U Mine?Arctic Monkeys
63%
All Things End | Cherry Wine | Someone New | Would That IHozier
54%
3 Nights | 4x4 | 7 Hours | +18 othersDominic Fike
46%
The Kiss Of VenusPaul McCartney & Dominic Fike
46%
I Know the End | Sidelines | Waiting RoomPhoebe Bridgers
46%
Cool About It | Not Strong Enough | Revolution 0boygenius
42%
Dial Drunk | Homesick | New Perspective | +5 othersNoah Kahan
42%
The Adults Are TalkingThe Strokes
42%
Night ShiftLucy Dacus
38%
ViennaBilly Joel
29%
You Stupid Bitch | bad idea! | two queens in a king sized bedgirl in red
29%
Walking in the WindOne Direction
29%
Good Old-Fashioned Lover BoyQueen
29%
No SurprisesRadiohead
29%
Into It | Meddle AboutChase Atlantic
25%
Moonage Daydream | StarmanDavid Bowie
25%
HOT TO GO! | Pink Pony Club | Red Wine SupernovaChappell Roan
21%
Block me out | Where do we go now?Gracie Abrams
21%
Paper BagFiona Apple
17%
New PerspectivePanic! At the Disco
17%
More Than a FeelingBoston
13%
Mary Anne | TonightPeter McPoland
13%
Kiss MeSixpence None the Richer
13%
Lady by the Sea | Only GirlStephen Sanchez
13%
BreadFelix Rabito
8%
HabitsGenevieve Stokes
8%
The Bug CollectorHaley Heynderickx
8%
Open SeasonHigh Highs
8%
Head Over HeelsTears for Fears
8%
Further AwayBen Howard
4%
Cherry Winegrentperez
4%
Are You Sleeping?Harry Nilsson
4%
Simple As ThisJake Bugg
4%
HoneybodyKishi Bashi
4%
Big Love Ahead | BorderlineMon Rovîa
4%
SunriseNorah Jones
4%
The Littlest BirdsThe Be Good Tanyas
4%
AngelaThe Lumineers
4%
New SlangThe Shins
4%
Jeepster | Mambo SunT. Rex
4%
Oxford CommaVampire Weekend
4%
AliceYour Neighbors
4%

Score Distribution

Percentile by Number Answered

Percent of People with Each Score

Your Score History

You have not taken this quiz